Raman amplification in fiber optical communication systems (Record no. 107)

000 -LEADER
fixed length control field 00618nam a22002294a 4500
001 - CONTROL NUMBER
control field 107
003 - CONTROL NUMBER IDENTIFIER
control field BD-DhUET
008 - FIXED-LENGTH DATA ELEMENTS--GENERAL INFORMATION
fixed length control field 041014s2005 ne a b 001 0 eng
020 ## - INTERNATIONAL STANDARD BOOK NUMBER
International Standard Book Number 0120445069
040 ## - CATALOGING SOURCE
Original cataloging agency DLC
Transcribing agency DLC
Modifying agency BD-DhUET
082 00 - DEWEY DECIMAL CLASSIFICATION NUMBER
Classification number 623.8
Item number HEA/2005
245 00 - TITLE STATEMENT
Title Raman amplification in fiber optical communication systems
250 ## - EDITION STATEMENT
Edition statement 1st ed.
260 ## - PUBLICATION, DISTRIBUTION, ETC. (IMPRINT)
Place of publication, distribution, etc. New York
Name of publisher, distributor, etc. Elsevier Academic Press
Date of publication, distribution, etc. 2005
300 ## - PHYSICAL DESCRIPTION
Extent xiii, 374 p.
504 ## - BIBLIOGRAPHY, ETC. NOTE
Bibliography, etc Includes bibliographies
650 #0 - SUBJECT ADDED ENTRY--TOPICAL TERM
Topical term or geographic name as entry element Fiber optics
650 #0 - SUBJECT ADDED ENTRY--TOPICAL TERM
Topical term or geographic name as entry element Optical communications
700 ## - ADDED ENTRY--PERSONAL NAME
Personal name Headley, Clifford
700 ## - ADDED ENTRY--PERSONAL NAME
Personal name Agrawal, Govind P.
942 ## - ADDED ENTRY ELEMENTS (KOHA)
Koha item type General Book
Holdings
Sublocation or collection (holding branch) Location (home branch) Koha full call number Damaged status Piece designation (barcode) Koha date last seen Not for loan Withdrawn status Koha item type Copy number Lost status Price effective from Source of classification or shelving scheme Date acquired Koha normalized classification for sorting Shelving location
Central Library, BUETCentral Library, BUET623.8/HEA/2005 1086372014-07-15  General Book1 2014-07-15 2014-07-15623_000000000000000_8HEA2005Circulation section
Central Library, BUETCentral Library, BUET623.8/HEA/2005 1085542014-08-24  General Book2 2014-08-24 2014-08-24623_000000000000000_8HEA2005Circulation section
Central Library, BUETCentral Library, BUET623.8/HEA/2005 1085552014-08-24  General Book3 2014-08-24 2014-08-24623_000000000000000_8HEA2005Circulation section
Central Library, BUETCentral Library, BUET623.8/HEA/2005 1086362017-03-29  General Book4 2017-03-29 2010-06-26623_800000000000000_HEA_2005Circulation section